Anglo-americká katalogizační pravidla druhé vydání

Saved in:
Bibliographic Details
Format: Book
Language:Czech
Published: Praha Národní knihovna ČR 2004
Edition:1. české vyd.
Subjects:
Tags: Add Tag
No Tags, Be the first to tag this record!

MARC

LEADER 00000nam a2200000 4500
001 0008346
005 20221124105616.4
020 |a 80-7050-187-1 
041 0 |a cze 
044 |a CZ 
245 1 0 |a Anglo-americká katalogizační pravidla  |b druhé vydání  |c [překlad Národní knihovna České republiky] 
250 |a 1. české vyd. 
264 1 |a Praha  |b Národní knihovna ČR  |c 2004 
300 |a [137] s. 
610 2 0 |a knižnice 
610 2 0 |a knihovníctvo 
610 2 0 |a AACR2